UEFA Champions League final MOTM - Statistics

General Stats
  • This quiz has been taken 387 times
  • The average score is 9 of 14
Answer Stats
Hint Answer % Correct
2011 Lionel Messi
99%
2012 Didier Drogba
79%
2005 Steven Gerrard
79%
2013 Arjen Robben
78%
2002 Zinedine Zidane
75%
2006 Samuel Etoo
69%
2009 Xavi
69%
2010 Diego Milito
68%
2007 Filippo Inzaghi
63%
2004 Deco
55%
2014 Angel Di Maria
52%
2008 Edwin van der Sar
52%
2003 Paolo Maldini
51%
2001 Oliver Kahn
39%
No matching quizzes found
Score Distribution
Percent of People with Each Score
Percentile by Number Answered
Your Score History
You have not taken this quiz